Statistics for France or Spain

Click here to take the quiz!

General Stats

  • This quiz has been taken 84 times
    (21 since last reset)
  • The average score is 10 of 12

Answer Stats

QuestionAnswer% Correct
Borders GermanyFrance
100%
Capital city is LisbonNeither
94%
Rafael Nadal's NationalitySpain
94%
Has qualified for World Cup 2022Both
88%
Members of NATOBoth
88%
Napolean Bonaparte nationalityFrance
88%
Borders IrelandNeither
88%
Has land in South AmericaFrance
81%
Has border with a country in AfricaSpain
81%
Has once controlled a part of AfricaBoth
69%
In the top 3 wine producing countriesBoth
56%
Joan Enric Vives's nationalityNeither
31%

Score Distribution

Percentile by Number Answered

Percent of People with Each Score

Your Score History

You have not taken this quiz since the last reset